|
|
|
|
| LEADER |
01206nam a22002537a 4500 |
| 001 |
29892 |
| 003 |
BD-DhAAL |
| 005 |
20241114151012.0 |
| 008 |
150903s1993 bg a|||| |||| 00| 0 eng d |
| 040 |
|
|
|a BD-DhAAL
|c BD-DhAAL
|
| 082 |
|
|
|2 22
|a 307.1412095492
|
| 245 |
|
|
|a Rural Development Programme (RDP) :
|k annual report,
|f 1993.
|
| 260 |
|
|
|a Dhaka :
|b BRAC,
|c 1993.
|
| 300 |
|
|
|a 80 pages :
|b illustrations ;
|c 28 cm.
|
| 541 |
|
|
|a RED,BRAC
|e 29892, 30506
|
| 610 |
|
|
|a BRAC
|9 14382
|
| 650 |
|
|
|a Rural development
|z Bangladesh.
|9 14383
|
| 710 |
|
|
|a BRAC
|9 14382
|
| 852 |
|
|
|a Ayesha Abed Library
|c BRAC Resource Section
|
| 942 |
|
|
|2 ddc
|c BK
|
| 999 |
|
|
|c 35426
|d 35426
|
| 952 |
|
|
|0 0
|1 0
|2 ddc
|4 0
|6 307_141209549200000_RDP
|7 0
|9 55714
|a BRACUL
|b BRACUL
|c BRS
|d 2015-09-03
|e BRAC
|l 0
|o 307.1412095492 RDP
|p 3010029892
|r 2015-09-03
|t 1
|w 2015-09-03
|y BK
|
| 952 |
|
|
|0 0
|1 0
|2 ddc
|4 0
|6 307_141209549200000_RDP
|7 0
|9 55715
|a BRACUL
|b BRACUL
|c BRS
|d 2015-09-03
|e BRAC
|l 0
|o 307.1412095492 RDP
|p 3010029893
|r 2015-09-03
|t 2
|w 2015-09-03
|y BK
|
| 952 |
|
|
|0 0
|1 0
|2 ddc
|4 0
|6 307_141209549200000_RDP
|7 1
|8 RPT
|9 56921
|a BRACUL
|b BRACUL
|c BRS
|d 2015-11-17
|e RED, BRAC
|l 0
|o 307.1412095492 RDP
|p 3010030506
|r 2015-11-17
|t 3
|w 2015-11-17
|y BK
|x RED,BRAC ; price not available in register
|